000
00319nam a22001457a 4500
008
210426b ||||| |||| 00| 0 eng d
020
_a
9780521531870
041
_a
eng
080
_a
32
082
_a
32
100
_a
20
101
_a
SHP
245
_a
Institutions for the Common Good
_c
Cronin,B
942
_2
udc
_c
BK
999
_c
56779
_d
56779